000 00648nam a22001817a 4500
999 _c12505
_d12505
008 190129b ||||| |||| 00| 0 eng d
020 _a971-542-291-8
082 _22001
_aDFil 899.211
_bP53
245 _aHow the islands of zapatos, pan de azucar, paragua, gigantes and siete pecados originated/
_cDamiana Eugenio [Compiler and Editor]
260 _aQuezon City:
_bUP Press;
_cc2001.
300 _aPage 212-213;
_c22.5 cm.
500 _aPhilippine folk literature: The myths
650 _aMythology
_935251
650 _aLegends
_935252
650 _aPhilippine folk literature (English)
_935253
650 _aFolklore
_935254
942 _2ddc
_cDFIL